000 00638nam a2200241Ia 4500
003 OSt
005 20221007072704.0
006 a|||||r|||| 00| 0
007 ta
008 221006b |||||||| |||| 00| 0 eng d
024 _a1,945
037 _cTextual
040 _aFLL
_cFLL
_beng
041 _2eng
_aeng
082 _aXM55:Z, N7
100 _aDavies P.L. Au.
_9691209
245 0 _aPrinciples of modern company law
250 _a6th
260 _aLondon
_bSweet & Maxwell U.K.
_c1997
650 _aModern company law
_9691210
942 _hXM55:Z, N7
_cTEXL
_2CC
999 _c1146722
_d1146722